000 00488nam a2200205Ia 4500
003 OSt
005 20230412154613.0
008 210423s2008 xx 000 0 und d
040 _cAL
041 _aeng
082 _a659.2
_223
_b THEA
100 _aTHEAKER (Alison).
_987270
245 _aPublic relations handbook.
250 _a3
260 _bRegal Publications
_c2008
300 _ax,418
365 _b795
_cINR
906 _ahandbook. ; Public ; relations
942 _2ddc
_cBK
999 _c157291
_d157291